00766nam a22002177a 4500003001100000005001700011008004100028020001500069022001300084040003900097041000800136082001500144100002500159130009500184245005200279260003800331300004300369490006000412650003100472650004500503LK-CoMWRAF20231211152523.0231211b2001 |||||||| |||| 00| 0 eng d a9555820899 a1391667X aLK-CoMWRAFdLK-CoMWRAFeLK-CoMWRAF aeng a323.1bOBE aObeyesekere, Ranjini aA history of ethnic conflict in Sri Lanka: recollection, reinterpretation & reconciliation a The Sri Lankan theatre in the past two decades aColombo:bMarga Institute, c2001 a 27 p. ; 23 cm.bBibliography included aMarga monograph series on ethnic reconciliationvno. 26 aEthnic conflict- Sri Lanka aTheater-Sri Lanka- History- 20th century